=LDR 00000nam 2200000 4500 =001 INLIS000000000020646 =005 20130612115604 =008 ***********************************Ind** =035 ##$$0010-061300000020646 =041 ##$$a Ind =082 ##$$a 372.6 =090 ##$$a 372.6, Hid b =100 ##$$a Hidayat, Kiah =245 ##$$a Belajar menulis abjad untuk TK, Kidh Hidayat =260 ##$$a [s.a] $b Surabaya =300 ##$$a 32 hlm, ilus, 21 cm =650 ##$$a Belajar menulis-pendidikan dasar =850 ##$$a NBPNMAT